| 000 | 01403cam a2200253 4500 | ||
|---|---|---|---|
| 001 | ABS63744 | ||
| 008 | 000000n2001 000 0 eng u | ||
| 035 | _a(Sirsi) u111486 | ||
| 245 | _aTesting compatibility with article 6 European Convention of Human Rights | ||
| 260 | _c2001 | ||
| 490 |
_aJournal of Planning and Environment Law _v[2001] JPL 291-323(17) |
||
| 520 | _aFour applications raised the question of whether the processes by which the SoS for the Environment, Transport and the Regions makes decisions relating to appeals under Town and Country Planning Act 1990 SS77-79and orders under the Transport and Works Act 1992, the Highways Act 1980 and the Acquisition of Land Act 1981, are compatible with Article 6 of the European Convention of Human Rights - Human Rights Act 1998 S6(1) and (2). TAKEN FROM JOURNAL ABSTRACT. | ||
| 590 | _aABS | ||
| 650 | _aCONVENTION FOR THE PROTECTION OF HUMAN RIGHTS AND FUNDAMENTAL FREEDOMS ART 6 | ||
| 650 | _aTOWN AND COUNTRY PLANNING ACT 1990 | ||
| 650 | _aHIGHWAYS ACT 1980 | ||
| 650 | _aACQUISITION OF LAND ACT 1981 | ||
| 650 | _aR V SOS ENVIRONMENT EX P HOLDING AND BARNES PLC | ||
| 650 | _aR V SOS ENVIRONMENT PREMIER LEISURE | ||
| 650 | _aR V SOS ENVIRONMENT, TRANSPORT AND THE REGIONS EX P ALCONBURY DEVELOPMENTS | ||
| 650 | _aR V SOS ENVIRONMENT EX P LEGAL AND GENERAL ASSURANCE SOCIETY | ||
| 690 | _aLAW-EUROPE | ||
| 942 | _n0 | ||
| 999 |
_c66431 _d66431 |
||